|
|
|
|
| LEADER |
01583nam a2200421 4500 |
| 001 |
on1108756219 |
| 003 |
OCoLC |
| 005 |
20200326101202.0 |
| 006 |
m o d |
| 007 |
cr cnu---unuuu |
| 008 |
190716s2019 xx o 001 0 eng d |
| 040 |
|
|
|a OPELS
|b eng
|e rda
|e pn
|c OPELS
|d OCLCF
|d UKAHL
|d GrThAP
|
| 020 |
|
|
|a 9780128174692
|q (print)
|
| 035 |
|
|
|a (OCoLC)1108756219
|
| 050 |
|
4 |
|a QC793.5.E62
|
| 082 |
0 |
4 |
|a 537.5
|2 23
|
| 245 |
0 |
0 |
|a Advances in imaging and electron physics.
|n Volume 211 /
|c edited by Peter W. Hawkes, Martin Hÿtch.
|
| 264 |
|
1 |
|a [Place of publication not identified] :
|b Academic Press,
|c 2019.
|
| 300 |
|
|
|a 1 online resource.
|
| 336 |
|
|
|a text
|b txt
|2 rdacontent
|
| 337 |
|
|
|a computer
|b c
|2 rdamedia
|
| 338 |
|
|
|a online resource
|b cr
|2 rdacarrier
|
| 490 |
1 |
|
|a Advances in Imaging and Electron Physics ;
|v v. 211
|
| 500 |
|
|
|a Includes index.
|
| 588 |
0 |
|
|a Title details screen.
|
| 650 |
|
0 |
|a Electrons.
|
| 650 |
|
0 |
|a Image processing.
|
| 650 |
|
0 |
|a Optoelectronic devices.
|
| 650 |
|
0 |
|a Optical data processing.
|
| 650 |
|
7 |
|a Electrons.
|2 fast
|0 (OCoLC)fst00907642
|
| 650 |
|
7 |
|a Image processing.
|2 fast
|0 (OCoLC)fst00967501
|
| 650 |
|
7 |
|a Optical data processing.
|2 fast
|0 (OCoLC)fst01046675
|
| 650 |
|
7 |
|a Optoelectronic devices.
|2 fast
|0 (OCoLC)fst01046908
|
| 655 |
|
4 |
|a Electronic books.
|
| 700 |
1 |
|
|a Hawkes, P. W.,
|e editor.
|
| 700 |
1 |
|
|a Hÿtch, Martin,
|e editor.
|
| 830 |
|
0 |
|a Advances in imaging and electron physics ;
|v v. 211.
|
| 856 |
4 |
0 |
|3 ScienceDirect
|u https://www.sciencedirect.com/science/bookseries/10765670/211
|z Full Text via HEAL-Link
|